logo

Bir Sreshtho Munshi Abdur Rouf Library
Jhenaidah Cadet College

Greatest Works of Edgar Allan Poe / (Record no. 14160)

MARC details
000 -LEADER
fixed length control field 00608nam a2200229 a 4500
001 - CONTROL NUMBER
JCCL Control Number 14160
003 - CONTROL NUMBER IDENTIFIER
JCCL marc code BD-JhCC
005 - DATE AND TIME OF LATEST TRANSACTION
control field 20250203133429.0
008 - FIXED-LENGTH DATA ELEMENTS--GENERAL INFORMATION
fixed length control field 250203b2023 ii a|||| ||a| 001 0 eng d
020 ## - INTERNATIONAL STANDARD BOOK NUMBER
International Standard Book Number 9789387779709
035 ## - SYSTEM CONTROL NUMBER
system control number (BD-JhCC)14160
040 ## - CATALOGING SOURCE
Original cataloging agency BD-JhCC
Modifying agency BD-JhCC
041 ## - LANGUAGE CODE
Language code of Book english
082 ## - DEWEY DECIMAL CLASSIFICATION NUMBER
Classification number 823.914
Author mark and Year POE 2023
100 ## - MAIN ENTRY--PERSONAL NAME
Personal name Poe,Edgar Allan
245 ## - TITLE STATEMENT
Title Greatest Works of Edgar Allan Poe /
Statement of responsibility, etc Edgar Allan Poe.
260 ## - PUBLICATION, DISTRIBUTION, ETC. (IMPRINT)
Place of publication, distribution, etc India:
Name of publisher, distributor, etc Prakash Books;
Date of publication, distribution, etc 2023.
300 ## - PHYSICAL DESCRIPTION
Pagination 514 p. :
Other physical details ill;
Dimensions 22 cm.
650 ## - SUBJECT ADDED ENTRY--TOPICAL TERM
Topical term or geographic name as entry element English literature
Geographic subdivision English Novel
942 ## - ADDED ENTRY ELEMENTS (KOHA)
Source of classification or shelving scheme Dewey Decimal Classification
Koha item type Books
Holdings
Source of classification or shelving scheme Damaged status Not for loan Home library Current library Shelving location Date of accession Cost, normal purchase price Total Checkouts Full call number Barcode Date last seen Date checked out Copy number Method of acquisition Koha item type Currency
Dewey Decimal Classification     JCC Rouf Library JCC Rouf Library General Stacks   1300.00 5 823.914 POE 2023 20048 11/02/2025 08/19/2025 C-1 Exchange Books BDT

JCC Library | Contacts | JCC Home

Last Update on 23 September 2017
Copyright @ 2017-2020 JCC Rouf Library
Rouf Library, Jhenidah Cadet College (JCC), Bangladesh